000 00553nam a2200181Ia 4500
005 20250603145039.0
008 250603s9999 xx 000 0 und d
020 _a 978-1-032-29237-3
050 _aQD 381 .G73/
100 _aEdited by Yugal Kishore Mohanta, Kunal Biswas, Saurov Mahanta, and Saravanan Muthupandian.
245 0 _aGraphene based nanomaterials : application in food, agriculture and healthcare
260 _aBoca Raton, FL
260 _bCRC Press
260 _c2024
300 _a325 p
650 _aBoca Raton, FL
942 _cBK
999 _c40717
_d40717